00488nam a2200157Ia 4500008004100000100001900041245009800060260001100158300002100169440004800190521001000238650002100248650001400269650002900283650001800312140626s9999 xx 000 0 und d aDinner, Isaac. aPartitioning default effects :bwhy people choose not to choose /cIsaac Dinner ... [et al.]. cc2011. a17 : 4, page 332 aJournal of Experimental Psycholgy : Applied aPSYCH aDecision making. aDefaults. aPreference construction. aQuery theory.